000 00642nam a2200217Ia 4500
005 20250508164136.0
008 008 250505s9999 xx 000 0 eng d
020 _a0-8204-6319-1
037 _aTextBook
040 _aFEDL
_beng
_cFEDL
041 _aeng
_2eng
084 _a370.115, BOL/R
_qFEDL
100 _aBoler Megan Ed.
_9777456
245 0 _aDemocratic dialogue in education : Troubling speech, disturbing silence
260 _aNew York, USA
_bPeter Lang
_c2005
300 _axxxii,165p
365 _aUSD
_b29.95
650 _aEducational Psychology
942 _cTB
_h370.115, BOL/R
999 _c1387290
_d1387290